[Event "ENCI Limburg-open B"]
[Site "Maastricht"]
[Date "2010.05.23"]
[Round "5"]
[White "Moog, Gerhard"]
[Black "Whitmire, James David"]
[Result "1-0"]
[WhiteElo "1821"]
[BlackElo "1957"]
[PlyCount "115"]
[EventDate "2010.05.21"]
[EventType "swiss"]
[EventRounds "7"]
[EventCountry "NED"]
[Source "P.Boonen"]
[SourceDate "2010.10.01"]

1. e4 c5 2. Nf3 d6 3. d4 cxd4 4. Nxd4 Nf6 5. Nc3 a6 6. f3 e5 7. Nb3 Be6 8. Bg5
Be7 9. Bxf6 Bxf6 10. Nd5 Bxd5 11. Qxd5 Qc7 12. O-O-O Be7 13. g3 Nd7 14. Bh3 Nb6
15. Qa5 Qc6 16. Rd3 Nc4 17. Qc3 O-O 18. Na5 Nxa5 19. Qxa5 Bd8 20. Qd5 Qxd5 21.
Rxd5 Be7 22. Rhd1 g6 23. g4 Rac8 24. c3 Rc6 25. Kc2 Rd8 26. Bf1 Kg7 27. Kd2 Rh8
28. Ke2 h5 29. h3 b5 30. Kf2 hxg4 31. fxg4 Rb8 32. a3 Rcb6 33. b3 a5 34. c4
bxc4 35. Bxc4 a4 36. bxa4 Rc6 37. Bb5 Rc2+ 38. R1d2 Rc1 39. a5 Rc3 40. a4 Bg5
41. R2d3 Rc2+ 42. Kf1 Rc1+ 43. Rd1 Rc3 44. R5d3 Rc2 45. a6 Be7 46. R1d2 Rc1+
47. Ke2 Bg5 48. Rb2 Rh1 49. Rbb3 Rh2+ 50. Kd1 Rc8 51. Rdc3 Rh1+ 52. Kc2 Rh2+
53. Kb1 Rh1+ 54. Ka2 Rd8 55. Bc6 Rh2+ 56. Rb2 Rxb2+ 57. Kxb2 Rb8+ 58. Kc2 1-0

[Event "ENCI Limburg-open B"]
[Site "Maastricht"]
[Date "2010.05.24"]
[Round "6"]
[White "Strauss, Erich"]
[Black "Willen, Ronny"]
[Result "1/2-1/2"]
[WhiteElo "1781"]
[BlackElo "1899"]
[PlyCount "104"]
[EventDate "2010.05.21"]
[EventType "swiss"]
[EventRounds "7"]
[EventCountry "NED"]
[Source "P.Boonen"]
[SourceDate "2010.10.01"]

1. e4 c5 2. Nc3 Nc6 3. g3 g6 4. Bg2 Bg7 5. Nge2 e6 6. d3 Nge7 7. Rb1 d6 8. a3
a5 9. O-O O-O 10. Qe1 Rb8 11. Nb5 b6 12. c3 Ba6 13. a4 Qd7 14. Bf4 e5 15. Be3
Nd8 16. c4 Ndc6 17. Nbc3 Nd4 18. Bxd4 cxd4 19. Nb5 Bb7 20. b4 Nc6 21. bxa5 bxa5
22. f4 Nb4 23. Rxb4 axb4 24. Qxb4 Bc6 25. f5 f6 26. Nc1 Rf7 27. Nb3 Bf8 28. Qd2
Ra8 29. Na5 g5 30. Bf3 Be7 31. Ra1 Bd8 32. Nxc6 Qxc6 33. Bh5 Rb7 34. Qa2 Kh8
35. Qa3 Qc5 36. Nxd6 Qxa3 37. Rxa3 Rb1+ 38. Kg2 Be7 39. c5 Rc1 40. Rb3 Rc2+ 41.
Kh3 Rxc5 42. Nc4 Rxa4 43. Rb7 Bf8 44. Rb8 Kg7 45. Nb6 Rb5 46. Be8 Rxb6 47. Rxb6
Ra3 48. Rb7+ Kh6 49. Rf7 Bg7 50. Bb5 Ra2 51. Bc4 Rb2 52. g4 Rd2 1/2-1/2

[Event "ENCI Limburg-open B"]
[Site "Maastricht"]
[Date "2010.05.24"]
[Round "6"]
[White "Sofic, Narcis"]
[Black "Lenaerts, Lennert"]
[Result "0-1"]
[WhiteElo "1922"]
[BlackElo "1758"]
[PlyCount "94"]
[EventDate "2010.05.21"]
[EventType "swiss"]
[EventRounds "7"]
[EventCountry "NED"]
[Source "P.Boonen"]
[SourceDate "2010.10.01"]

1. d4 Nf6 2. Nf3 g6 3. g3 Bg7 4. Bg2 O-O 5. O-O d6 6. c4 c6 7. Nc3 Qc7 8. e4 e5
9. d5 cxd5 10. cxd5 Ne8 11. Be3 f5 12. Rc1 Qd7 13. exf5 gxf5 14. Qd2 Kh8 15.
Ne1 Na6 16. f4 e4 17. a3 b6 18. Nc2 Bb7 19. g4 fxg4 20. Nxe4 Bxb2 21. Bd4+
Bxd4+ 22. Qxd4+ Qg7 23. Ng5 Qxd4+ 24. Nxd4 Nec7 25. Nc6 Nc5 26. f5 Rf6 27. Ne6
Bxc6 28. Nxc7 Rc8 29. Ne6 Bb5 30. Rf4 Rg8 31. Rc3 Bd7 32. Re3 h5 33. Kf2 Re8
34. Kg3 Kh7 35. Bf1 Kh6 36. Bd3 Bxe6 37. fxe6 Rxf4 38. Kxf4 Nxd3+ 39. Rxd3 Rf8+
40. Ke4 Kg5 41. Rc3 Rf4+ 42. Kd3 Rf3+ 43. Kc4 Rxc3+ 44. Kxc3 Kf6 45. Kd4 b5 46.
Ke4 a5 47. Kf4 b4 0-1

[Event "ENCI Limburg-open B"]
[Site "Maastricht"]
[Date "2010.05.24"]
[Round "6"]
[White "Van den Born, Ico"]
[Black "Hill, Nick"]
[Result "1-0"]
[WhiteElo "1898"]
[BlackElo "1773"]
[PlyCount "119"]
[EventDate "2010.05.21"]
[EventType "swiss"]
[EventRounds "7"]
[EventCountry "NED"]
[Source "P.Boonen"]
[SourceDate "2010.10.01"]

1. c4 e6 2. g3 d5 3. Bg2 Nf6 4. Nf3 c6 5. b3 Nbd7 6. Bb2 Qb6 7. Qc2 Bd6 8. d4
Bb4+ 9. Nbd2 Ne4 10. O-O Nxd2 11. Nxd2 Nf6 12. c5 Qd8 13. a3 Bxd2 14. Qxd2 O-O
15. f3 b6 16. Rfc1 b5 17. a4 Ba6 18. e4 Re8 19. Qe3 bxa4 20. bxa4 dxe4 21. fxe4
Rb8 22. Bc3 Rb3 23. Bf3 e5 24. dxe5 Rxe5 25. Rab1 Rxb1 26. Rxb1 Re8 27. Rd1 Qe7
28. Rd6 Nd5 29. Qd4 Nxc3 30. Qxc3 h6 31. Qd4 Rb8 32. Kf2 Qb7 33. Rd8+ Rxd8 34.
Qxd8+ Kh7 35. Qd2 Bc4 36. e5 Be6 37. g4 Qd7 38. Be4+ Kg8 39. Qd6 Bxg4 40. Qb8+
Qc8 41. Qxc8+ Bxc8 42. Bxc6 a5 43. Bd5 Kf8 44. Ke3 Ke7 45. Kd4 g5 46. c6 h5 47.
Kc5 g4 48. Kb6 h4 49. Kxa5 g3 50. hxg3 hxg3 51. Bg2 Ke6 52. Kb6 Kxe5 53. a5 Be6
54. a6 Bd5 55. Bh3 Be6 56. Bf1 Bc4 57. c7 Bxf1 58. c8=Q Bxa6 59. Qc7+ Ke4 60.
Qxg3 1-0

[Event "ENCI Limburg-open B"]
[Site "Maastricht"]
[Date "2010.05.24"]
[Round "6"]
[White "De Strycker, Nathan"]
[Black "Pijlman, Rene"]
[Result "1/2-1/2"]
[WhiteElo "1753"]
[BlackElo "1914"]
[PlyCount "86"]
[EventDate "2010.05.21"]
[EventType "swiss"]
[EventRounds "7"]
[EventCountry "NED"]
[Source "P.Boonen"]
[SourceDate "2010.10.01"]

1. d4 Nf6 2. c4 e6 3. Nc3 Bb4 4. a3 Bxc3+ 5. bxc3 b6 6. Nf3 c5 7. Bg5 h6 8. Bh4
Nc6 9. e3 Ba6 10. Nd2 Rc8 11. Bxf6 Qxf6 12. Ne4 Qe7 13. dxc5 O-O 14. cxb6 d5
15. cxd5 Bxf1 16. Rxf1 exd5 17. Ng3 Ne5 18. Qb3 axb6 19. Ke2 Qb7 20. Rfd1 Qa6+
21. Ke1 Nd3+ 22. Rxd3 Qxd3 23. Ne2 Qc4 24. Qxb6 Rb8 25. Qd4 Rb2 26. Qxc4 dxc4
27. Nd4 Rfb8 28. Nc6 Rb1+ 29. Rxb1 Rxb1+ 30. Ke2 Ra1 31. Ne5 Rxa3 32. Nxc4 Rxc3
33. Nd6 Ra3 34. Kf3 g6 35. h4 Ra6 36. Nb5 Kg7 37. Nd4 Ra5 38. g3 g5 39. hxg5
hxg5 40. g4 Kf6 41. Kg3 Ra4 42. Kf3 Ke5 43. Nc6+ Kf6 1/2-1/2

[Event "ENCI Limburg-open B"]
[Site "Maastricht"]
[Date "2010.05.24"]
[Round "6"]
[White "Gendarme, Pierre"]
[Black "De Ridder, Naomi"]
[Result "1-0"]
[WhiteElo "1760"]
[BlackElo "1799"]
[PlyCount "97"]
[EventDate "2010.05.21"]
[EventType "swiss"]
[EventRounds "7"]
[EventCountry "NED"]
[Source "P.Boonen"]
[SourceDate "2010.10.01"]

1. e4 e5 2. Nf3 Nc6 3. d4 exd4 4. Nxd4 Bc5 5. Nxc6 bxc6 6. Be2 Nf6 7. Nd2 Qe7
8. Bf3 Ba6 9. c4 O-O 10. O-O Qe5 11. g3 Bd4 12. Rb1 Rab8 13. Nb3 Bb6 14. Qc2 d6
15. Bd2 Bc8 16. Bc3 Qg5 17. c5 dxc5 18. Bd2 Qg6 19. Rfe1 Ng4 20. Bxg4 Bxg4 21.
Be3 Rfe8 22. Bxc5 Bf3 23. Nd2 Bxc5 24. Nxf3 Bb6 25. Rbd1 Qf6 26. Kg2 Ba5 27.
Re2 Rbd8 28. Rxd8 Rxd8 29. e5 Qh6 30. a3 Bb6 31. Rd2 Rxd2 32. Qxd2 Qxd2 33.
Nxd2 Bd4 34. Nc4 Kf8 35. f4 f6 36. exf6 Bxf6 37. Ne5 Ke8 38. Kf3 c5 39. Ke4 c6
40. b3 Bxe5 41. Kxe5 Kd7 42. f5 Ke7 43. g4 h6 44. h4 a5 45. a4 Kd7 46. g5 Ke7
47. gxh6 gxh6 48. f6+ Kf7 49. h5 1-0

[Event "ENCI Limburg-open B"]
[Site "Maastricht"]
[Date "2010.05.24"]
[Round "6"]
[White "Liston, Mike"]
[Black "Begri, Felix"]
[Result "0-1"]
[WhiteElo "1705"]
[BlackElo "1905"]
[PlyCount "92"]
[EventDate "2010.05.21"]
[EventType "swiss"]
[EventRounds "7"]
[EventCountry "NED"]
[Source "P.Boonen"]
[SourceDate "2010.10.01"]

1. e4 e6 2. d4 d5 3. Nc3 Nc6 4. exd5 exd5 5. Nf3 Bg4 6. Bb5 Bd6 7. Nxd5 Bxh2 8.
Qe2+ Kf8 9. Bxc6 bxc6 10. Rxh2 Qxd5 11. b3 Qd6 12. a4 Bxf3 13. gxf3 Qxh2 14.
Ba3+ Ne7 15. Qxe7+ Kg8 16. O-O-O h5 17. Bb2 Qd6 18. Qg5 Qh6 19. Rg1 Qxg5+ 20.
Rxg5 f6 21. Rg2 Kf7 22. f4 h4 23. Kd2 h3 24. Rh2 Rag8 25. Ke3 g5 26. fxg5 Rxg5
27. Kf3 Kg6 28. Bc1 Rg1 29. Bd2 Kf5 30. Bf4 Rg4 31. Be3 Rg7 32. b4 a6 33. c4
Rg1 34. b5 cxb5 35. cxb5 axb5 36. axb5 Rb1 37. Kg3 Rxb5 38. Kf3 c6 39. Bf4 Rb1
40. Be3 Rg1 41. Bf4 Rg2 42. Rxh3 Rxh3+ 43. Kxg2 Kxf4 44. Kxh3 Kf3 45. Kh4 Kxf2
46. Kg4 Ke3 0-1

[Event "ENCI Limburg-open B"]
[Site "Maastricht"]
[Date "2010.05.24"]
[Round "6"]
[White "Van Asseldonk, Paul"]
[Black "Blijlevens, Pim"]
[Result "1-0"]
[WhiteElo "2027"]
[BlackElo "1908"]
[PlyCount "37"]
[EventDate "2010.05.21"]
[EventType "swiss"]
[EventRounds "7"]
[EventCountry "NED"]
[Source "P.Boonen"]
[SourceDate "2010.10.01"]

1. e4 c5 2. Nf3 Nc6 3. d4 cxd4 4. Nxd4 e5 5. Nb5 a6 6. Nd6+ Bxd6 7. Qxd6 Qf6 8.
Qd2 Qg6 9. Nc3 d5 10. Qg5 Qxg5 11. Bxg5 f6 12. Nxd5 fxg5 13. Nc7+ Kd7 14. Nxa8
Nd4 15. Nb6+ Kc6 16. Nxc8 Nxc2+ 17. Kd2 Nxa1 18. Bd3 Nc2 19. Rc1 1-0

[Event "ENCI Limburg-open B"]
[Site "Maastricht"]
[Date "2010.05.24"]
[Round "7"]
[White "Bieberle, Gerhart"]
[Black "Gullentops, Nathan"]
[Result "1/2-1/2"]
[WhiteElo "1947"]
[BlackElo "1790"]
[PlyCount "120"]
[EventDate "2010.05.21"]
[EventType "swiss"]
[EventRounds "7"]
[EventCountry "NED"]
[Source "P.Boonen"]
[SourceDate "2010.10.01"]

1. d4 d5 2. c4 e6 3. Nc3 Nf6 4. Bf4 Bb4 5. e3 O-O 6. a3 Bxc3+ 7. bxc3 b6 8. Bd3
Bb7 9. Nf3 c5 10. O-O Nc6 11. Qb1 dxc4 12. Bxc4 Na5 13. Be2 c4 14. Bg5 h6 15.
Bh4 g5 16. Bg3 Ne4 17. Qc2 h5 18. h3 h4 19. Bh2 Qd5 20. Ne1 Nb3 21. Rd1 Ned2
22. Rxd2 Nxd2 23. Qxd2 f6 24. Bf3 Qd7 25. Bxb7 Qxb7 26. Qe2 Rac8 27. f4 Qe7 28.
Nc2 b5 29. Qh5 Qh7 30. Qxh7+ Kxh7 31. f5 Rce8 32. Bd6 Rf7 33. fxe6 Rxe6 34. Bc5
f5 35. Re1 a5 36. Rd1 Rd7 37. Kf2 Rc6 38. Re1 Re6 39. Re2 Re4 40. Ne1 g4 41.
Rb2 f4 42. hxg4 fxe3+ 43. Ke2 Rxg4 44. Kxe3 Rf7 45. Rf2 Rg3+ 46. Rf3 Rfxf3+ 47.
Nxf3 Rxg2 48. Nxh4 Rc2 49. Nf5 Rxc3+ 50. Ke2 Rd3 51. Ne3 Kg6 52. Ng4 Kf5 53.
Nf2 Rg3 54. d5 c3 55. d6 Ke6 56. Ne4 Rg4 57. Kd3 Rxe4 58. Kxe4 c2 59. Be3 Kxd6
60. Kd3 b4 1/2-1/2

[Event "ENCI Limburg-open B"]
[Site "Maastricht"]
[Date "2010.05.24"]
[Round "6"]
[White "Rodriguez, Abelardo"]
[Black "Lasschuit, Rene1"]
[Result "1/2-1/2"]
[WhiteElo "1734"]
[BlackElo "1917"]
[PlyCount "54"]
[EventDate "2010.05.21"]
[EventType "swiss"]
[EventRounds "7"]
[EventCountry "NED"]
[Source "P.Boonen"]
[SourceDate "2010.10.01"]

1. e4 e6 2. d4 d5 3. exd5 exd5 4. c4 Nf6 5. Nf3 Bb4+ 6. Nc3 O-O 7. Bd3 Re8+ 8.
Be3 Bxc3+ 9. bxc3 c6 10. O-O Nbd7 11. c5 Ne4 12. Qc2 Ndf6 13. Ne5 Nd7 14. Nxd7
Bxd7 15. f3 Nf6 16. Bg5 h6 17. Bh4 g5 18. Bg3 Nh5 19. Bd6 Nf4 20. Rae1 Nxd3 21.
Qxd3 Qf6 22. Be5 Qf5 23. Qxf5 Bxf5 24. Bg3 Bd3 25. Rxe8+ Rxe8 26. Re1 Rxe1+ 27.
Bxe1 Kg7 1/2-1/2

[Event "ENCI Limburg-open B"]
[Site "Maastricht"]
[Date "2010.05.24"]
[Round "6"]
[White "Cox, Jan"]
[Black "Taverniers, Peter"]
[Result "1-0"]
[WhiteElo "1854"]
[BlackElo "1783"]
[PlyCount "51"]
[EventDate "2010.05.21"]
[EventType "swiss"]
[EventRounds "7"]
[EventCountry "NED"]
[Source "P.Boonen"]
[SourceDate "2010.10.01"]

1. e4 e5 2. Nf3 d6 3. d4 exd4 4. Nxd4 Nf6 5. Nc3 Be7 6. Bd3 Nbd7 7. O-O Ne5 8.
Be2 c5 9. Nb3 Qb6 10. h3 Bd7 11. Be3 Bc6 12. f4 Ned7 13. Bf3 O-O-O 14. Qd3 Rhe8
15. Nd2 Qc7 16. g4 g6 17. a4 a6 18. Nc4 Nb8 19. g5 Nh5 20. Bg4+ Nd7 21. Nb5
Bxb5 22. axb5 Kb8 23. bxa6 b5 24. a7+ Kb7 25. Qd5+ Qc6 26. Na5+ 1-0

[Event "ENCI Limburg-open B"]
[Site "Maastricht"]
[Date "2010.05.23"]
[Round "4"]
[White "Vansteenkiste, Luc"]
[Black "Tsiros, Fragkiskos Vlasios"]
[Result "0-1"]
[WhiteElo "1854"]
[BlackElo "1712"]
[PlyCount "120"]
[EventDate "2010.05.21"]
[EventType "swiss"]
[EventRounds "7"]
[EventCountry "NED"]
[Source "P.Boonen"]
[SourceDate "2010.10.01"]

1. d4 d5 2. e4 c6 3. f3 g6 4. c3 Bg7 5. Be3 e6 6. Bd3 Nd7 7. e5 Ne7 8. g4 c5 9.
Nd2 c4 10. Be2 b5 11. f4 a5 12. Ngf3 b4 13. Ng5 h6 14. Nh3 Nb6 15. Bf2 Bd7 16.
O-O Na4 17. Qc2 Rb8 18. Rab1 Qb6 19. Bh4 g5 20. Bg3 b3 21. axb3 cxb3 22. Qd1
Nc6 23. Nf3 gxf4 24. Bxf4 Bf8 25. g5 Ne7 26. Qd2 Rg8 27. Kh1 hxg5 28. Nfxg5 Ng6
29. Bg3 Rg7 30. Bh5 Bb5 31. Rxf7 Rxf7 32. Bxg6 Rbb7 33. Nxf7 Rxf7 34. Ng5 Bh6
35. Bxf7+ Ke7 36. Bh4 Kd7 37. Qf4 Bd3 38. Qc1 Bxb1 39. Qxb1 Bxg5 40. Bxg5 Nxb2
41. Qxb2 Qb5 42. Qb1 a4 43. Bxe6+ Kxe6 44. Qg6+ Kd7 45. e6+ Kc8 46. Qg8+ Kb7
47. Qf7+ Ka6 48. Qf8 Qc6 49. h4 b2 50. Qb4 Qb5 51. Qd6+ Qb6 52. Qxd5 b1=Q+ 53.
Kg2 Qc2+ 54. Kg3 Qxc3+ 55. Kf4 Qbxd4+ 56. Qxd4 Qxd4+ 57. Kf5 Qh8 58. e7 a3 59.
Bf6 Qe8 60. Ke6 Kb7 0-1

[Event "ENCI Limburg-open B"]
[Site "Maastricht"]
[Date "2010.05.24"]
[Round "6"]
[White "Bachaus, Sander"]
[Black "Geboers, Jimmy"]
[Result "1-0"]
[WhiteElo "1777"]
[BlackElo "1977"]
[PlyCount "59"]
[EventDate "2010.05.21"]
[EventType "swiss"]
[EventRounds "7"]
[EventCountry "NED"]
[Source "P.Boonen"]
[SourceDate "2010.10.01"]

1. e4 e6 2. f4 d5 3. e5 c5 4. b4 cxb4 5. a3 bxa3 6. Bxa3 Bxa3 7. Nxa3 Bd7 8.
Nb5 Bxb5 9. Bxb5+ Nc6 10. d4 Nge7 11. c3 a6 12. Bd3 Ng6 13. Ne2 O-O 14. O-O f5
15. Qc2 b5 16. g4 Nge7 17. gxf5 Nxf5 18. Bxf5 Rxf5 19. Ng3 Rf8 20. f5 Qb6 21.
Kh1 b4 22. f6 bxc3 23. fxg7 Rxf1+ 24. Rxf1 Qb2 25. Qd1 c2 26. Qf3 Kxg7 27. Qf6+
Kg8 28. Qf7+ Kh8 29. Nh5 c1=Q 30. Qg7# 1-0

[Event "ENCI Limburg-open C"]
[Site "Maastricht"]
[Date "2010.05.21"]
[Round "1"]
[White "Arns, Danny"]
[Black "Parren, Ashley"]
[Result "1-0"]
[WhiteElo "1615"]
[BlackElo "1250"]
[PlyCount "79"]
[EventDate "2010.05.21"]
[EventType "swiss"]
[EventRounds "7"]
[EventCountry "NED"]
[Source "P.Boonen"]
[SourceDate "2010.10.01"]

1. e4 d5 2. exd5 Nf6 3. Nf3 Nxd5 4. d4 Nc6 5. c4 Nf6 6. d5 Ne4 7. Qe2 Bf5 8.
dxc6 Nc5 9. Qd2 Bd3 10. b4 Bxf1 11. Kxf1 Ne4 12. Qxd8+ Rxd8 13. cxb7 Rb8 14.
Nbd2 Nc3 15. a4 Rxb7 16. Bb2 c5 17. Bxc3 cxb4 18. Bd4 e6 19. Rb1 f6 20. Nb3 e5
21. Bc5 Kf7 22. Bxf8 Rxf8 23. Rd1 e4 24. Nfd2 Rd8 25. Ke2 Ke6 26. Nc5+ Kf5 27.
Nxb7 Rd7 28. Nc5 Rd4 29. Ndxe4 Rxd1 30. Rxd1 a5 31. Rd5+ Kg6 32. Nd6 h5 33. Nd7
b3 34. Rxa5 b2 35. Rb5 b1=Q 36. Rxb1 Kh6 37. Nf8 g6 38. Ne8 f5 39. h4 g5 40.
Rb6# 1-0

[Event "ENCI Limburg-open C"]
[Site "Maastricht"]
[Date "2010.05.21"]
[Round "1"]
[White "Boontje, Willem"]
[Black "Van Velthoven, Paul"]
[Result "0-1"]
[WhiteElo "1689"]
[BlackElo "1416"]
[PlyCount "92"]
[EventDate "2010.05.21"]
[EventType "swiss"]
[EventRounds "7"]
[EventCountry "NED"]
[Source "P.Boonen"]
[SourceDate "2010.10.01"]

1. d4 Nf6 2. c4 e5 3. dxe5 Ng4 4. Nf3 Bb4+ 5. Bd2 Bxd2+ 6. Nbxd2 Qe7 7. e3 Nc6
8. Be2 Ngxe5 9. Nxe5 Nxe5 10. O-O O-O 11. Nf3 d6 12. Nd4 Bd7 13. Qc2 c6 14.
Rad1 Rad8 15. e4 Rfe8 16. f4 Ng4 17. Bxg4 Bxg4 18. Rde1 Qf6 19. Nb3 Bc8 20. Kh1
Re7 21. c5 Rde8 22. cxd6 Qxd6 23. e5 Qh6 24. Nc5 b6 25. Ne4 Qg6 26. Qc3 c5 27.
Nd6 Bb7 28. Rf2 Qxd6 29. Rd2 Qc6 30. Qh3 Qe6 31. Qc3 Rd7 32. a3 Red8 33. Red1
Rxd2 34. Rxd2 Rxd2 35. Qxd2 Qd5 36. Qf2 Qd1+ 37. Qg1 Qxg1+ 38. Kxg1 Kf8 39. g3
Ke7 40. Kf2 Ke6 41. Ke3 a6 42. Kd3 Kd5 43. Ke3 Kc4 44. f5 Kb3 45. e6 fxe6 46.
fxe6 Kxb2 0-1

[Event "ENCI Limburg-open C"]
[Site "Maastricht"]
[Date "2010.05.21"]
[Round "1"]
[White "Brone, Steven"]
[Black "Allen, Tim"]
[Result "1-0"]
[WhiteElo "1463"]
[BlackElo "1699"]
[PlyCount "103"]
[EventDate "2010.05.21"]
[EventType "swiss"]
[EventRounds "7"]
[EventCountry "NED"]
[Source "P.Boonen"]
[SourceDate "2010.10.01"]

1. b4 e5 2. b5 Nf6 3. Bb2 d6 4. e3 Be7 5. Be2 O-O 6. Nf3 c6 7. a4 Bf5 8. O-O
Nbd7 9. c4 Re8 10. d3 Rc8 11. Nbd2 Nf8 12. Re1 Ng6 13. Rc1 Nd7 14. Nb3 d5 15.
c5 f6 16. d4 e4 17. Nfd2 Be6 18. Nf1 f5 19. Ng3 Nf6 20. Qd2 Qc7 21. Red1 Rf8
22. a5 f4 23. b6 fxe3 24. fxe3 axb6 25. axb6 Qd7 26. Ra1 Ra8 27. Ra7 Rxa7 28.
bxa7 Ra8 29. Ra1 Bd8 30. Bc3 b6 31. cxb6 Bxb6 32. Ba5 Qc7 33. Nc5 Bc8 34. Bxb6
Qxb6 35. Qa5 Qxa5 36. Rxa5 Ne8 37. Nf1 Nc7 38. Nd2 Nf8 39. Ndb3 Nd7 40. Nxd7
Bxd7 41. Nc5 Bc8 42. h4 h6 43. Na4 Na6 44. Nb6 Rxa7 45. Nxc8 Rc7 46. Rxa6 Rxc8
47. Bg4 Rc7 48. Be6+ Kh7 49. Ra8 c5 50. Rc8 Re7 51. Bg8+ Kg6 52. Rxc5 1-0

[Event "ENCI Limburg-open C"]
[Site "Maastricht"]
[Date "2010.05.21"]
[Round "1"]
[White "Daemen, Jules"]
[Black "Snoeks, Marnicq"]
[Result "1-0"]
[WhiteElo "1634"]
[BlackElo "1286"]
[PlyCount "81"]
[EventDate "2010.05.21"]
[EventType "swiss"]
[EventRounds "7"]
[EventCountry "NED"]
[Source "P.Boonen"]
[SourceDate "2010.10.01"]

1. d4 d5 2. c4 c6 3. Nc3 Bf5 4. Nf3 e6 5. Qb3 b6 6. g3 Nd7 7. Bg2 Ngf6 8. O-O
Be7 9. Bf4 O-O 10. Nh4 Be4 11. f3 Bg6 12. Nxg6 fxg6 13. e4 c5 14. Be3 cxd4 15.
Bxd4 Nc5 16. Bxc5 Bxc5+ 17. Kh1 dxc4 18. Qxc4 Qe7 19. e5 Nd7 20. f4 Rad8 21.
Rad1 Nb8 22. Ne4 Rxd1 23. Rxd1 Kh8 24. Ng5 h6 25. Nxe6 Re8 26. Nxc5 Qxc5 27.
Qxc5 bxc5 28. Rd6 Kg8 29. Bd5+ Kf8 30. Kg2 Re7 31. Rd8+ Re8 32. Rxe8+ Kxe8 33.
Kf3 Ke7 34. Ke4 Nd7 35. g4 Nb6 36. b3 a5 37. a4 Nd7 38. Bc4 Nb6 39. h4 Nxc4 40.
bxc4 Ke6 41. f5+ 1-0

[Event "ENCI Limburg-open C"]
[Site "Maastricht"]
[Date "2010.05.21"]
[Round "1"]
[White "De Lange, Marieke"]
[Black "Chappin, Rene"]
[Result "0-1"]
[WhiteElo "1253"]
[BlackElo "1622"]
[PlyCount "74"]
[EventDate "2010.05.21"]
[EventType "swiss"]
[EventRounds "7"]
[EventCountry "NED"]
[Source "P.Boonen"]
[SourceDate "2010.10.01"]

1. e4 c5 2. Bc4 Nc6 3. Nf3 e6 4. d3 g6 5. O-O Bg7 6. Nc3 a6 7. a3 b5 8. Ba2 Bb7
9. Be3 d6 10. Rb1 Qa5 11. Bd2 Qc7 12. Bf4 O-O-O 13. Ne2 Nf6 14. Bg5 h6 15. Bh4
g5 16. Bg3 Nh5 17. h4 Nxg3 18. Nxg3 g4 19. Nd2 h5 20. b4 Bd4 21. Rc1 Bb2 22.
Rb1 Bd4 23. Nb3 Qe7 24. Qd2 Qxh4 25. c3 Be5 26. Qe3 Bxc3 27. bxc5 dxc5 28. Nxc5
Bd4 29. Qc1 Qxg3 30. Nb3 Qe5 31. Nxd4 Rxd4 32. Qe3 Rhd8 33. Rbd1 Kb8 34. f4
gxf3 35. Rxf3 R4d7 36. Rf2 h4 37. Rc2 Qd4 0-1

[Event "ENCI Limburg-open C"]
[Site "Maastricht"]
[Date "2010.05.21"]
[Round "1"]
[White "De Ridder, Gertie"]
[Black "Lennartz, Ludwig"]
[Result "0-1"]
[WhiteElo "1248"]
[BlackElo "1614"]
[PlyCount "78"]
[EventDate "2010.05.21"]
[EventType "swiss"]
[EventRounds "7"]
[EventCountry "NED"]
[Source "P.Boonen"]
[SourceDate "2010.10.01"]

1. e4 c5 2. Nf3 d6 3. d4 cxd4 4. Nxd4 Nf6 5. Nc3 g6 6. Be3 Bg7 7. f3 O-O 8. Qd2
Nc6 9. Bc4 Bd7 10. O-O-O Qa5 11. h4 Rfc8 12. Nb3 Qd8 13. Bh6 Ne5 14. Bd5 Nc4
15. Bxc4 Rxc4 16. Bxg7 Kxg7 17. Nd4 Qa5 18. Nf5+ Bxf5 19. exf5 Qxf5 20. Qd3
Qxd3 21. Rxd3 Rac8 22. g4 Nd7 23. h5 h6 24. Re1 Ne5 25. Rde3 R8c5 26. R1e2 Rf4
27. Ne4 Ra5 28. a3 Rxf3 29. Rxf3 Nxf3 30. b4 Re5 31. Ng3 Rxe2 32. Nxe2 Ne5 33.
Kd2 Nxg4 34. hxg6 Kxg6 35. Nf4+ Kf5 36. Nd5 e5 37. Ke2 h5 38. c4 e4 39. Ne3+
Nxe3 0-1

[Event "ENCI Limburg-open C"]
[Site "Maastricht"]
[Date "2010.05.21"]
[Round "1"]
[White "Dekens, Joop"]
[Black "De Coninck, Erik"]
[Result "1/2-1/2"]
[WhiteElo "1601"]
[BlackElo "1149"]
[PlyCount "78"]
[EventDate "2010.05.21"]
[EventType "swiss"]
[EventRounds "7"]
[EventCountry "NED"]
[Source "P.Boonen"]
[SourceDate "2010.10.01"]

1. e4 e5 2. Nf3 Nf6 3. Nxe5 d6 4. Nf3 Nxe4 5. d4 Qe7 6. Qe2 Bg4 7. Be3 c5 8. d5
Nd7 9. h3 Bf5 10. Nbd2 Ndf6 11. Nh4 Bd7 12. Qd3 Qe5 13. Nxe4 Qxe4 14. Qxe4+
Nxe4 15. O-O-O Be7 16. Nf3 Rc8 17. g4 O-O 18. Bd3 f5 19. Bxe4 fxe4 20. Nd2 b6
21. Nxe4 Bb5 22. Rde1 Bc4 23. Nc3 Bf6 24. Rd1 Bxc3 25. bxc3 Bxa2 26. f4 b5 27.
f5 b4 28. cxb4 cxb4 29. Bxa7 b3 30. Rd2 bxc2 31. Rxc2 Rxc2+ 32. Kxc2 Bxd5 33.
Rd1 Bg2 34. Rxd6 Bxh3 35. Rd4 Rc8+ 36. Kd2 Kf7 37. Ke3 h6 38. Kf4 g5+ 39. fxg6+
Kxg6 1/2-1/2

[Event "ENCI Limburg-open C"]
[Site "Maastricht"]
[Date "2010.05.21"]
[Round "1"]
[White "Demarre, Mathias"]
[Black "Ramaekers, Philippe"]
[Result "0-1"]
[WhiteElo "1119"]
[BlackElo "1601"]
[PlyCount "52"]
[EventDate "2010.05.21"]
[EventType "swiss"]
[EventRounds "7"]
[EventCountry "NED"]
[Source "P.Boonen"]
[SourceDate "2010.10.01"]

1. e4 e5 2. Nf3 Nc6 3. Nc3 Nf6 4. d3 d5 5. Bg5 Be7 6. Bxf6 gxf6 7. Nxd5 Bg4 8.
Be2 f5 9. Nxe7 Qxe7 10. exf5 Bxf5 11. O-O O-O-O 12. Re1 e4 13. Nd2 Rhg8 14. Nc4
Qg5 15. g3 h5 16. Bxh5 Rh8 17. h4 Qxh5 18. Qxh5 Rxh5 19. dxe4 Be6 20. Na3 Nd4
21. Kg2 Rg8 22. Re3 Rxh4 23. Rd3 Bh3+ 24. Kh2 Rh6 25. Rxd4 Rgh8 26. Rh1 Bf1+
0-1

[Event "ENCI Limburg-open C"]
[Site "Maastricht"]
[Date "2010.05.21"]
[Round "1"]
[White "Demarre, Thomas"]
[Black "Thirion, Jean Francois"]
[Result "0-1"]
[WhiteElo "1332"]
[BlackElo "1660"]
[PlyCount "118"]
[EventDate "2010.05.21"]
[EventType "swiss"]
[EventRounds "7"]
[EventCountry "NED"]
[Source "P.Boonen"]
[SourceDate "2010.10.01"]

1. e4 e6 2. d4 d5 3. exd5 exd5 4. Nf3 Nc6 5. Nc3 Bb4 6. a3 Bxc3+ 7. bxc3 Nge7
8. c4 O-O 9. cxd5 Nxd5 10. c4 Re8+ 11. Ne5 Nxe5 12. dxe5 Nb6 13. Qxd8 Rxd8 14.
Bg5 Re8 15. f4 f6 16. Bh4 fxe5 17. fxe5 Rxe5+ 18. Kf2 Be6 19. Rc1 Rf8+ 20. Kg1
Re4 21. Be7 Re8 22. c5 Nd5 23. Bg5 h6 24. Bd2 Nf4 25. Bxf4 Rxf4 26. g3 Rf6 27.
Bg2 c6 28. h4 Ref8 29. Kh2 Rf2 30. Rhf1 Bd5 31. Rg1 Ra2 32. Ra1 Rff2 33. Rxa2
Rxa2 34. Kh3 Bxg2+ 35. Rxg2 Rxa3 36. Rb2 Rc3 37. Rxb7 a5 38. Ra7 Rxc5 39. Ra6
Kf7 40. Kg4 Kf6 41. Kf4 Ke6 42. Ke4 Kd6 43. Kd4 Rb5 44. Ke4 Rb4+ 45. Kf5 a4 46.
Kg6 Rg4+ 47. Kf5 Rxg3 48. Rxa4 g6+ 49. Kf4 Rg1 50. Ra5 g5+ 51. hxg5 hxg5+ 52.
Kf3 c5 53. Ra4 Kd5 54. Kf2 Rh1 55. Kg2 Rh4 56. Ra3 Rd4 57. Rg3 g4 58. Kf2 c4
59. Ke2 Re4+ 0-1